Bittersweet harvests for global supermarkets : (Registro nro. 12593)
[ vista simple ]
| 000 -LEADER | |
|---|---|
| fixed length control field | 01644cam a2200325 a 4500 |
| 001 - CONTROL NUMBER | |
| control field | 3978438 |
| 003 - CONTROL NUMBER IDENTIFIER | |
| control field | OSt |
| 005 - DATE AND TIME OF LATEST TRANSACTION | |
| control field | 20211006123902.0 |
| 008 - FIXED-LENGTH DATA ELEMENTS--GENERAL INFORMATION | |
| fixed length control field | 950323s1995 dcuab bs 000 0 eng |
| 020 ## - INTERNATIONAL STANDARD BOOK NUMBER | |
| International Standard Book Number | 1569730296 |
| 040 ## - CATALOGING SOURCE | |
| Original cataloging agency | DLC |
| Transcribing agency | CO-JMCR |
| Modifying agency | DLC |
| 041 0# - LANGUAGE CODE | |
| Language code of text/sound track or separate title | eng |
| 082 00 - DEWEY DECIMAL CLASSIFICATION NUMBER | |
| Classification number | 382.41098 / |
| Item number | T531b |
| Edition number | 23 |
| 100 1# - MAIN ENTRY--PERSONAL NAME | |
| Personal name | Thrupp, Lori Ann. |
| Relator term | author |
| 9 (RLIN) | 40968 |
| 245 10 - TITLE STATEMENT | |
| Title | Bittersweet harvests for global supermarkets : |
| Remainder of title | challenges in Latin America's agricultural export boom / |
| Statement of responsibility, etc. | Lori Ann Thrupp, Gilles Bergeron and William F. Waters. |
| 246 3# - VARYING FORM OF TITLE | |
| Title proper/short title | Bitter sweet harvests for global supermarkets |
| 260 ## - PUBLICATION, DISTRIBUTION, ETC. | |
| Place of publication, distribution, etc. | Washington, D.C., U.S.A. : |
| Name of publisher, distributor, etc. | World Resources Institute, |
| Date of publication, distribution, etc. | 1995. |
| 300 ## - PHYSICAL DESCRIPTION | |
| Extent | xii, 202 pages : |
| Other physical details | Illustrations and graphics in black and white ; |
| Dimensions | 23 cm. |
| 504 ## - BIBLIOGRAPHY, ETC. NOTE | |
| Bibliography, etc. note | Includes bibliographical references : pages 165-202. |
| 505 0# - FORMATTED CONTENTS NOTE | |
| Formatted contents note | The Political-Economic Context of Agricultural Development. -- The Rise of New Agroexport Strategies: Policies, Markets, and Institutional Conditions. -- A Profile of Current Agroexport Systems. -- Impacts of NTAE Growth: Promises and Problems. -- Avoiding Adverse Effects and Increasing Benefits of NTAES. -- Discussion and Implications. |
| 650 #0 - SUBJECT ADDED ENTRY--TOPICAL TERM | |
| Topical term or geographic name entry element | Produce trade |
| Geographic subdivision | Latin America. |
| 9 (RLIN) | 40969 |
| 650 14 - SUBJECT ADDED ENTRY--TOPICAL TERM | |
| Topical term or geographic name entry element | Floriculture |
| Geographic subdivision | Latin America. |
| 9 (RLIN) | 40970 |
| 650 24 - SUBJECT ADDED ENTRY--TOPICAL TERM | |
| Topical term or geographic name entry element | Exports |
| Geographic subdivision | Latin America. |
| 9 (RLIN) | 40971 |
| 650 24 - SUBJECT ADDED ENTRY--TOPICAL TERM | |
| Topical term or geographic name entry element | Agriculture and state |
| Geographic subdivision | Latin America. |
| 9 (RLIN) | 40972 |
| 650 24 - SUBJECT ADDED ENTRY--TOPICAL TERM | |
| Topical term or geographic name entry element | Sustainable agriculture |
| Geographic subdivision | Latin America. |
| 9 (RLIN) | 40973 |
| 650 24 - SUBJECT ADDED ENTRY--TOPICAL TERM | |
| Topical term or geographic name entry element | Agriculture |
| General subdivision | Economic aspects |
| Geographic subdivision | Latin America. |
| 9 (RLIN) | 40974 |
| 700 1# - ADDED ENTRY--PERSONAL NAME | |
| Personal name | Bergeron, Gilles. |
| Relator term | author |
| 9 (RLIN) | 40975 |
| 700 1# - ADDED ENTRY--PERSONAL NAME | |
| Personal name | Waters, William F. |
| Relator term | author |
| 9 (RLIN) | 40976 |
| 942 ## - ADDED ENTRY ELEMENTS (KOHA) | |
| Source of classification or shelving scheme | Dewey Decimal Classification |
| Koha item type | Books |
| Withdrawn status | Lost status | Source of classification or shelving scheme | Damaged status | Not for loan | Home library | Current library | Shelving location | Date acquired | Source of acquisition | Full call number | Barcode | Date last seen | Copy number | Price effective from | Koha item type |
|---|---|---|---|---|---|---|---|---|---|---|---|---|---|---|---|
| Dewey Decimal Classification | Biblioteca Pública José María del Castillo y Rada | Biblioteca Pública José María del Castillo y Rada | General Stacks | 04/15/2018 | Donación | 382.41098 / T531b | 430004916 | 05/16/2024 | Ej.1 | 03/10/2021 | Books |